Riconosci il Pokémon - Quiz n°221 - Statistics

Statistiche generali
  • Questo quiz è stato fatto 1 volte
  • Il punteggio medio è 9 su 10
Statistiche sulle risposte
Indizio Risposta % Corretto
Altezza 0,2 m
100%
Peso 0,4 kg
100%
Tasso di cattura 60 (14.8%)
100%
Tasso di allevamento Medio-Veloce
100%
Generazione Ottava
100%
Stadio evoluzione Prima evoluzione
100%
Sesso Sconosciuto
100%
Abilità Sottilguscio; Corpofunesto
100%
Tipo Spettro
100%
Pokémon Polteageist
0%
Nessun quiz corrispondente trovato
Distribuzione punteggi
Percentuale di utenti per punteggio
Percentile per numero di risposta
I tuoi punteggi nel tempo
Non hai fatto questo quiz